[Event "Berlin Lichtenberger op 11th"]
[Site "Berlin"]
[Date "2012.08.22"]
[Round "5"]
[White "Schulz, Martin"]
[Black "Paris, Gerhard"]
[Result "1/2-1/2"]
[WhiteElo "1648"]
[BlackElo "1615"]
[PlyCount "96"]
[EventDate "2012.08.18"]
[EventType "swiss"]
[EventRounds "9"]
[EventCountry "GER"]
[SourceTitle "CBM 150 Extra"]
[Source "ChessBase"]
[SourceDate "2012.10.19"]
[SourceVersion "1"]
[SourceVersionDate "2012.10.19"]
[SourceQuality "1"]

1. c4 Nf6 2. Nc3 g6 3. b3 Bg7 4. Bb2 d6 5. g3 c5 6. Bg2 Nc6 7. Nf3 0-0 8. 0-0 Rb8 9. e3 Bd7 10. Rb1 Qc8 11. Re1 a6 12. d4 cxd4 13. exd4 Bf5 14. Rc1 Bh6 15. Ra1 Nb4 16. Ba3 Nc2 17. Rxe7 Nxa1 18. Qxa1 Qd8 19. Qe1 Bg4 20. Ne4 Nxe4 21. Qxe4 b5 22. Ra7 Bf5 23. Qe2 Re8 24. Ne5 Rxe5 25. dxe5 dxe5 26. Bd5 Be6 27. Bb2 Bxd5 28. Qxe5 f6 29. Qxd5+ Qxd5 30. cxd5 Rb6 31. Rd7 Bf8 32. Kf1 a5 33. a3 h5 34. Ke2 g5 35. Kf3 f5 36. Ke2 g4 37. f3 Bh6 38. fxg4 hxg4 39. Bd4 Ra6 40. Be3 Bf8 41. Bc1 Rh6 42. Bxh6 Bxh6 43. Ra7 b4 44. axb4 axb4 45. Ra4 Bf8 46. Kd3 Bc5 47. Kc4 Bg1 48. Ra1 Bxh2 1/2-1/2

[Event "Berlin Lichtenberger op 11th"]
[Site "Berlin"]
[Date "2012.08.21"]
[Round "4"]
[White "Schulz, Martin"]
[Black "Stiewe, Frank"]
[Result "0-1"]
[WhiteElo "1648"]
[BlackElo "1679"]
[PlyCount "110"]
[EventDate "2012.08.18"]
[EventType "swiss"]
[EventRounds "9"]
[EventCountry "GER"]
[SourceTitle "CBM 150 Extra"]
[Source "ChessBase"]
[SourceDate "2012.10.19"]
[SourceVersion "1"]
[SourceVersionDate "2012.10.19"]
[SourceQuality "1"]

1. c4 c5 2. Nc3 Nc6 3. Nf3 g6 4. b3 Bg7 5. Bb2 Nf6 6. Qc2 0-0 7. e3 d6 8. Nd5 Nxd5 9. Bxg7 Kxg7 10. cxd5 Ne5 11. Nxe5 dxe5 12. Qxc5 b6 13. Qa3 Bb7 14. e4 Qd7 15. Qb2 Qd6 16. Be2 f5 17. Bf3 fxe4 18. Bxe4 Bxd5 19. Bxd5 Qxd5 20. 0-0 Rad8 21. Rad1 Rf5 22. h3 Rg5 23. f3 Kf7 24. Qc3 Qe6 25. f4 exf4 26. Rxf4+ Kg8 27. Qf3 Rgd5 28. Rf1 Qc8 29. Rf8+ Rxf8 30. Qxd5+ e6 31. Rxf8+ Kxf8 32. Qd3 Ke7 33. Kf2 Qc5+ 34. Kf3 Qa5 35. Qc2 Qd5+ 36. Kf2 Qd4+ 37. Kf1 Kd6 38. Qc3 Qf4+ 39. Ke2 e5 40. Qd3+ Kc5 41. Qe3+ Qd4 42. Qxd4+ Kxd4 43. d3 b5 44. Kd2 b4 45. g3 h6 46. h4 h5 47. Ke2 Kc3 48. Ke3 Kb2 49. Ke4 Kxa2 50. Kxe5 Kxb3 51. d4 Kc4 52. d5 b3 53. d6 b2 54. d7 b1Q 55. d8Q Qf5+ 0-1

[Event "Berlin-ch Seniors op 26th"]
[Site "Berlin"]
[Date "2010.02.17"]
[Round "9"]
[White "Schulz, Martin"]
[Black "Sehm, Andreas"]
[Result "1/2-1/2"]
[WhiteElo "1071"]
[BlackElo "1597"]
[PlyCount "46"]
[EventDate "2010.02.09"]
[EventType "swiss"]
[EventRounds "9"]
[EventCountry "GER"]
[SourceTitle "EXT 2012"]
[Source "ChessBase"]
[SourceDate "2011.11.24"]
[SourceVersion "1"]
[SourceVersionDate "2011.11.24"]
[SourceQuality "1"]

1. d4 Nf6 2. c4 g6 3. Nc3 Bg7 4. Bg5 0-0 5. e3 c6 6. Nf3 d5 7. Bd3 Bg4 8. h3 Bxf3 9. Qxf3 e6 10. Qe2 h6 11. Bf4 Nbd7 12. Bd6 Re8 13. Ba3 dxc4 14. Bxc4 Qa5 15. Bd6 b5 16. Bb3 Ne4 17. Bc7 Qxc7 18. Nxe4 a5 19. 0-0 a4 20. Bc2 f5 21. Nd2 e5 22. dxe5 Nxe5 23. Rab1 Nf7 1/2-1/2

[Event "Berlin-ch Seniors op 26th"]
[Site "Berlin"]
[Date "2010.02.14"]
[Round "6"]
[White "Kammler, Hans Joachim"]
[Black "Schulz, Martin"]
[Result "1-0"]
[WhiteElo "1304"]
[BlackElo "1071"]
[PlyCount "77"]
[EventDate "2010.02.09"]
[EventType "swiss"]
[EventRounds "9"]
[EventCountry "GER"]
[SourceTitle "EXT 2012"]
[Source "ChessBase"]
[SourceDate "2011.11.24"]
[SourceVersion "1"]
[SourceVersionDate "2011.11.24"]
[SourceQuality "1"]

1. e4 c5 2. Nf3 e6 3. d4 cxd4 4. Nxd4 a6 5. Nc3 Nc6 6. a3 g6 7. Be3 Bg7 8. Nxc6 bxc6 9. Qd2 Bb7 10. Bd3 d5 11. Na4 Ne7 12. Nc5 Qc7 13. c3 0-0 14. Qc2 Rfd8 15. Nxb7 Qxb7 16. Rb1 dxe4 17. Bxe4 Nd5 18. 0-0 Nxe3 19. fxe3 Rd6 20. Rf3 Rad8 21. b4 Rd2 22. Qb3 Qb6 23. c4 Re2 24. Rbf1 Rdd2 25. Rxf7 Qxe3+ 26. Qxe3 Rxe3 27. Bxc6 Rxa3 28. Re7 Rd8 29. Rxe6 Bd4+ 30. Kh1 Rf8 31. Bf3 Ra4 32. c5 Rxb4 33. c6 Rb6 34. Rc1 a5 35. Re7 a4 36. c7 a3 37. c8Q a2 38. Bd5+ Kh8 39. Qxf8# 1-0